[Event "II Abierto Veraniego San Sebas"]
[Site "San Sebastián de los Reyes (M"]
[Date "2008.06.14"]
[Round "1.1"]
[White "Adan Bermudez, Sergio"]
[Black "Cavalle Pulla, Daniel"]
[Result "1-0"]
[WhiteElo "2137"]
[BlackElo "1739"]
[PlyCount "101"]
[EventDate "2008.06.14"]

1. c4 Nf6 2. g3 c6 3. Nf3 d5 4. Bg2 Bf5 5. b3 e6 6. O-O Be7 7. Bb2 O-O 8. d3
Nbd7 9. Nbd2 Rc8 10. Nh4 Bg6 11. Nxg6 hxg6 12. Rc1 b6 13. Nf3 c5 14. cxd5 exd5
15. d4 c4 16. bxc4 dxc4 17. Qa4 Qc7 18. Qb5 Ne4 19. Ne5 Nxe5 20. Bxe4 Nd7 21.
Bd5 a6 22. Qxc4 Qxc4 23. Bxc4 b5 24. Bd5 Nb6 25. Bb7 Rxc1 26. Bxc1 a5 27. Bf4
Rd8 28. Rb1 Nd5 29. Bd2 Nb4 30. d5 Rd7 31. a3 Nxd5 32. Bc6 Rd6 33. Bxb5 Nc7 34.
Bd3 Rd5 35. Rb7 Bd6 36. Ra7 Ne6 37. a4 Nd4 38. Bxa5 Nb3 39. Bb6 Bc5 40. a5 Rd6
41. Rb7 Bxb6 42. Rxb6 Rxb6 43. axb6 Nc5 44. f4 Kf8 45. Kf2 Ke7 46. Ke3 Nxd3 47.
exd3 Kd6 48. Ke4 Kc6 49. Ke5 Kxb6 50. Kd6 f6 51. d4 1-0

[Event "II Abierto Veraniego San Sebas"]
[Site "San Sebastián de los Reyes (M"]
[Date "2008.06.14"]
[Round "1.2"]
[White "Perez Alvarez, Javier"]
[Black "Castejon Caballero, Andres"]
[Result "0-1"]
[WhiteElo "1727"]
[BlackElo "2029"]
[PlyCount "82"]
[EventDate "2008.06.14"]

1. e4 c5 2. Nf3 Nc6 3. d4 cxd4 4. Nxd4 Nf6 5. Nc3 e5 6. Ndb5 d6 7. Bg5 a6 8.
Na3 b5 9. Nd5 Be7 10. Bxf6 Bxf6 11. c4 b4 12. Nc2 a5 13. Be2 O-O 14. O-O Bg5
15. Bg4 f5 16. Bxf5 Bxf5 17. exf5 Rxf5 18. Qd3 Rf7 19. Rad1 Rc8 20. b3 Qf8 21.
f3 Nd8 22. Nce3 Bxe3+ 23. Nxe3 Nb7 24. Ng4 g6 25. Nf2 Kg7 26. Ne4 Rd7 27. Rfe1
Nc5 28. Nxc5 Rxc5 29. Qe4 Qf7 30. Rd5 Rxd5 31. Qxd5 Qxd5 32. cxd5 Rc7 33. Kf2
Rc5 34. Re2 Rxd5 35. Ke3 Rc5 36. f4 Kf6 37. Kf3 Kf5 38. fxe5 Rc3+ 39. Kf2 dxe5
40. h3 Kf4 41. Rd2 e4 0-1

[Event "II Abierto Veraniego San Sebas"]
[Site "San Sebastián de los Reyes (M"]
[Date "2008.06.14"]
[Round "1.3"]
[White "Suarez Uriel, Adrian"]
[Black "Cortijo Manso, Luis"]
[Result "1-0"]
[WhiteElo "1981"]
[BlackElo "1701"]
[PlyCount "49"]
[EventDate "2008.06.14"]

1. e4 c5 2. Nf3 d6 3. d4 Nf6 4. Nc3 cxd4 5. Nxd4 e6 6. Be3 a6 7. f3 Be7 8. Qd2
Bd7 9. g4 h6 10. h4 h5 11. g5 Ng8 12. Bh3 g6 13. f4 Nc6 14. f5 exf5 15. exf5
Ne5 16. O-O-O Nc4 17. Qe2 Nxe3 18. Qxe3 f6 19. Nd5 Kf7 20. fxg6+ Kxg6 21. gxf6
Nxf6 22. Nxe7+ Kf7 23. Bxd7 Qxd7 24. Ndf5 Rae8 25. Nxd6+ 1-0

[Event "II Abierto Veraniego San Sebas"]
[Site "San Sebastián de los Reyes (M"]
[Date "2008.06.14"]
[Round "1.4"]
[White "Rodenas Riesco, Alfonso"]
[Black "Camarero Izquierdo, Juan Carlos"]
[Result "0-1"]
[WhiteElo "1688"]
[BlackElo "1959"]
[PlyCount "64"]
[EventDate "2008.06.14"]

1. d4 Nf6 2. c4 g6 3. Nf3 Bg7 4. Nc3 O-O 5. e3 d5 6. c5 c6 7. Be2 Bg4 8. b4
Nbd7 9. O-O Bxf3 10. Bxf3 e5 11. Bb2 e4 12. Bg4 Nxg4 13. Qxg4 f5 14. Qd1 Qh4
15. Ne2 g5 16. a4 Nf6 17. Ng3 Ng4 18. h3 Nxe3 19. fxe3 Qxg3 20. Qe2 f4 21. exf4
gxf4 22. Rf2 f3 23. Qe1 Rae8 24. Ra3 Bf6 25. b5 Bh4 26. Re3 Qxf2+ 27. Qxf2
Bxf2+ 28. Kxf2 fxg2+ 29. Kxg2 Re6 30. Bc3 Rg6+ 31. Kh2 Rf2+ 32. Kh1 Rf3 0-1

[Event "II Abierto Veraniego San Sebas"]
[Site "San Sebastián de los Reyes (M"]
[Date "2008.06.14"]
[Round "1.5"]
[White "Ortega Morales, Pedro"]
[Black "Pardo Vaquero, Ignacio"]
[Result "1-0"]
[WhiteElo "1929"]
[BlackElo "1666"]
[PlyCount "65"]
[EventDate "2008.06.14"]

1. d4 Nf6 2. Bf4 g6 3. e3 Bg7 4. Be2 O-O 5. Nf3 d6 6. h3 Re8 7. O-O Nbd7 8. Nc3
c5 9. Re1 a6 10. a4 b6 11. Rb1 Bb7 12. Na2 b5 13. c3 Bc6 14. axb5 axb5 15. Ra1
Bd5 16. b3 Ra3 17. c4 bxc4 18. Bxc4 Bxc4 19. bxc4 Qa5 20. Qc2 Ra8 21. Re2 Nb6
22. Rb1 Nfd7 23. Rb5 Qa4 24. Qxa4 R8xa4 25. dxc5 dxc5 26. Nc1 Rxc4 27. Nb3 Rc3
28. Na5 Rc1+ 29. Kh2 c4 30. e4 c3 31. Bxc1 Ra1 32. Nb3 Ra2 33. Rxa2 1-0

[Event "II Abierto Veraniego San Sebas"]
[Site "San Sebastián de los Reyes (M"]
[Date "2008.06.14"]
[Round "1.6"]
[White "Madurga Lopez, Ignacio"]
[Black "Montero Garcia, Francisco Javie"]
[Result "1-0"]
[WhiteElo "1644"]
[BlackElo "1902"]
[PlyCount "39"]
[EventDate "2008.06.14"]

1. e4 c5 2. d4 cxd4 3. c3 dxc3 4. Nxc3 Nc6 5. Nf3 e6 6. Bc4 Qc7 7. Qe2 Nf6 8.
O-O Ng4 9. Nb5 Qb8 10. h3 Nge5 11. Nxe5 Nxe5 12. f4 Bc5+ 13. Kh1 Nxc4 14. Qxc4
Bb6 15. Qb4 Bc7 16. Qc3 Bd8 17. Qxg7 Rf8 18. f5 a6 19. Bh6 Be7 20. f6 1-0

[Event "II Abierto Veraniego San Sebas"]
[Site "San Sebastián de los Reyes (M"]
[Date "2008.06.14"]
[Round "1.7"]
[White "Galan Aguado, Fernando"]
[Black "Negredo Bahamonde, Miguel A"]
[Result "1-0"]
[WhiteElo "1888"]
[BlackElo "1575"]
[PlyCount "59"]
[EventDate "2008.06.14"]

1. d4 Nf6 2. Nf3 g6 3. Bf4 Bg7 4. h3 d6 5. e3 Nbd7 6. Be2 O-O 7. c3 Ne8 8. O-O
c6 9. Nbd2 e5 10. dxe5 dxe5 11. Bh2 Qb6 12. Nc4 Qc7 13. Qc2 b5 14. Ncd2 Nd6 15.
Rfd1 Re8 16. a4 bxa4 17. Rxa4 Nb6 18. Ra3 Nd5 19. Rda1 f5 20. Qb3 e4 21. Nd4
Bxd4 22. cxd4 Qe7 23. Bxd6 Qxd6 24. Rxa7 Rb8 25. Qc2 Nb4 26. Qc3 Be6 27. d5 Bf7
28. dxc6 Qxc6 29. Bc4 Bxc4 30. Qg7# 1-0

[Event "II Abierto Veraniego San Sebas"]
[Site "San Sebastián de los Reyes (M"]
[Date "2008.06.14"]
[Round "1.8"]
[White "Fernandez Gil, Ruben C"]
[Black "Diaz Begonte, Manuel"]
[Result "1-0"]
[WhiteElo "1559"]
[BlackElo "1875"]
[PlyCount "115"]
[EventDate "2008.06.14"]

1. e4 d6 2. d3 g6 3. Nf3 Bg7 4. g3 c5 5. Bg2 Nc6 6. c3 Bg4 7. Nbd2 Ne5 8. Qe2
Nf6 9. h3 Nxf3+ 10. Nxf3 Bd7 11. O-O Qc8 12. Kh2 O-O 13. Bg5 Bc6 14. Qd2 d5 15.
e5 Nd7 16. Bxe7 Re8 17. Bd6 Nxe5 18. Nxe5 Bxe5 19. Bxc5 Qd7 20. Be3 Qf5 21. d4
Bc7 22. Bf4 Bxf4 23. Qxf4 Qxf4 24. gxf4 Re2 25. Rab1 f5 26. Bf3 Rd2 27. Kg1 Kf7
28. Rfd1 Rxd1+ 29. Rxd1 b5 30. b3 Rc8 31. Re1 a5 32. Re5 b4 33. cxb4 axb4 34.
Bxd5+ Bxd5 35. Rxd5 Rc2 36. Ra5 h5 37. Ra4 Ke6 38. Rxb4 Rxa2 39. Kg2 Kd5 40.
Ra4 Rb2 41. Rb4 Ke4 42. Kg3 Rd2 43. f3+ Ke3 44. Rc4 Rb2 45. b4 h4+ 46. Kxh4
Kxf4 47. d5+ Ke5 48. Rc6 Rxb4+ 49. Kg3 g5 50. d6 Rd4 51. Rb6 Rxd6 52. Rxd6 Kxd6
53. f4 g4 54. hxg4 fxg4 55. Kxg4 Ke6 56. Kg5 Ke7 57. Kg6 Ke8 58. Kg7 1-0

[Event "II Abierto Veraniego San Sebas"]
[Site "San Sebastián de los Reyes (M"]
[Date "2008.06.15"]
[Round "2.1"]
[White "Corisco Beltran, Rafael"]
[Black "Adan Bermudez, Sergio"]
[Result "0-1"]
[WhiteElo "1791"]
[BlackElo "2137"]
[PlyCount "52"]
[EventDate "2008.06.14"]

1. e4 c5 2. Nf3 Nc6 3. d4 cxd4 4. Nxd4 Nf6 5. Nc3 e5 6. Ndb5 h6 7. Nd6+ Bxd6 8.
Qxd6 Qe7 9. Qd1 O-O 10. Bc4 d6 11. O-O Be6 12. Nd5 Bxd5 13. Bxd5 Nxd5 14. exd5
Nb8 15. f4 f5 16. fxe5 dxe5 17. Qd3 e4 18. Qd4 Nd7 19. b4 Qe5 20. Qxe5 Nxe5 21.
Bf4 Nc4 22. Rfe1 Rfd8 23. Rad1 Rd7 24. g4 g6 25. Bxh6 Ne5 26. gxf5 Nf3+ 0-1

[Event "II Abierto Veraniego San Sebas"]
[Site "San Sebastián de los Reyes (M"]
[Date "2008.06.15"]
[Round "2.2"]
[White "Castejon Caballero, Andres"]
[Black "Galan Aguado, Fernando"]
[Result "1/2-1/2"]
[WhiteElo "2029"]
[BlackElo "1888"]
[PlyCount "76"]
[EventDate "2008.06.14"]

1. e4 e6 2. d3 d5 3. Nd2 Nf6 4. Ngf3 c5 5. g3 Nc6 6. Bg2 Be7 7. O-O Qc7 8. Re1
b6 9. Nf1 Bb7 10. h4 h6 11. c3 O-O-O 12. Qe2 Ba6 13. Bf4 e5 14. Bh3+ Kb7 15.
exd5 Nxd5 16. Bxe5 Nxe5 17. Nxe5 Bf6 18. Bg2 Kc8 19. Qg4+ Kb8 20. d4 h5 21. Qd1
Bb7 22. f4 g6 23. c4 Bxe5 24. fxe5 Ne7 25. d5 Nf5 26. d6 Qd7 27. Bxb7 Qxb7 28.
Qd5 Nd4 29. Ne3 Nf3+ 30. Kg2 Nxe5 {(=)} 31. Rad1 Rd7 32. b3 Rhd8 33. Qxb7+ Kxb7
34. Nd5 Nc6 35. Re7 Nxe7 36. dxe7 Re8 37. Re1 Rd6 38. Rf1 f5 1/2-1/2

[Event "II Abierto Veraniego San Sebas"]
[Site "San Sebastián de los Reyes (M"]
[Date "2008.06.15"]
[Round "2.4"]
[White "Camarero Izquierdo, Juan Carlos"]
[Black "Madurga Lopez, Ignacio"]
[Result "1-0"]
[WhiteElo "1959"]
[BlackElo "1644"]
[PlyCount "73"]
[EventDate "2008.06.14"]

1. e4 c5 2. Nf3 d6 3. d4 cxd4 4. Nxd4 Nf6 5. Nc3 a6 6. Bg5 e6 7. f3 Be7 8. Qd2
b5 9. Bd3 Bb7 10. O-O-O Nc6 11. Nxc6 Bxc6 12. h4 Qa5 13. Kb1 b4 14. Ne2 d5 15.
e5 Nd7 16. Bxe7 Kxe7 17. Qg5+ Kf8 18. h5 d4 19. f4 h6 20. Qg3 Qd5 21. Rhg1 a5
22. b3 a4 23. Bc4 Qa5 24. Nxd4 axb3 25. Bxb3 Be4 26. Nxe6+ fxe6 27. Rxd7 g5 28.
hxg6 Ke8 29. g7 Rg8 30. Rd6 Bxc2+ 31. Ka1 Bxb3 32. Qxb3 Rxg7 33. Rxe6+ Kd8 34.
Rd1+ Rd7 35. Rxd7+ Kxd7 36. Rxh6 Qc5 37. Qf7+ 1-0

[Event "II Abierto Veraniego San Sebas"]
[Site "San Sebastián de los Reyes (M"]
[Date "2008.06.15"]
[Round "2.6"]
[White "Cruz Condori, Alfredo"]
[Black "Fernandez Gil, Ruben C"]
[Result "1-0"]
[WhiteElo "2160"]
[BlackElo "1559"]
[PlyCount "63"]
[EventDate "2008.06.14"]

1. e4 e5 2. Nf3 Nc6 3. Bb5 d6 4. Bxc6+ bxc6 5. d4 Bg4 6. dxe5 Bxf3 7. Qxf3 dxe5
8. O-O Nf6 9. Nd2 Bd6 10. Nc4 O-O 11. Bg5 Qe7 12. Bxf6 Qxf6 13. Qxf6 gxf6 14.
Rfd1 Rad8 15. Rd3 Kh8 16. Rad1 Rb8 17. b3 Bc5 18. Kf1 Rbc8 19. c3 Kg8 20. Na5
Rfe8 21. b4 Bb6 22. Nxc6 Re6 23. b5 a6 24. c4 axb5 25. cxb5 Ra8 26. Rd8+ Rxd8
27. Rxd8+ Kg7 28. a4 Bc5 29. a5 Be7 30. Nxe7 Rxe7 31. a6 c5 32. b6 1-0

[Event "II Abierto Veraniego San Sebas"]
[Site "San Sebastián de los Reyes (M"]
[Date "2008.06.15"]
[Round "2.8"]
[White "Montero Garcia, Francisco Javie"]
[Black "Rodenas Riesco, Alfonso"]
[Result "1-0"]
[WhiteElo "1902"]
[BlackElo "1688"]
[PlyCount "29"]
[EventDate "2008.06.14"]

1. e4 e5 2. Nf3 Nc6 3. Bb5 Nf6 4. O-O a6 5. Ba4 b5 6. Bb3 Na5 7. d4 exd4 8. e5
Nxb3 9. exf6 Qxf6 10. Re1+ Be7 11. Bg5 Qg6 12. Bxe7 Nxa1 13. Bf6+ Kf8 14. Re8+
Kxe8 15. Qe2+ 1-0

[Event "II Abierto Veraniego San Sebas"]
[Site "San Sebastián de los Reyes (M"]
[Date "2008.06.15"]
[Round "2.10"]
[White "Cortijo Manso, Luis"]
[Black "Pareja Alvarez, Diego"]
[Result "0-1"]
[WhiteElo "1701"]
[BlackElo "1862"]
[PlyCount "68"]
[EventDate "2008.06.14"]

1. e4 c6 2. d4 d5 3. Nc3 dxe4 4. Nxe4 Bf5 5. Ng3 Bg6 6. h4 h6 7. Nf3 Nd7 8. h5
Bh7 9. Bc4 e6 10. Bf4 Ngf6 11. Ne5 Nb6 12. Bb3 Nbd5 13. Bd2 Bd6 14. f4 O-O 15.
Qf3 Ne7 16. O-O-O Qc7 17. Ne2 Rac8 18. Nc3 Bb4 19. g4 Bxc3 20. Qxc3 Ned5 21.
Qh3 Ne4 22. Rh2 Nxd2 23. Rhxd2 Nxf4 24. Qg3 Nd5 25. g5 hxg5 26. Qg1 f6 27. Ng6
Rfe8 28. Re1 Kf7 29. Qg4 Bxg6 30. hxg6+ Kxg6 31. Rh1 Rh8 32. Rxh8 Rxh8 33. Qxe6
Rh1+ 34. Rd1 Qf4+ 0-1

[Event "II Abierto Veraniego San Sebas"]
[Site "San Sebastián de los Reyes (M"]
[Date "2008.06.15"]
[Round "2.11"]
[White "Pardo Vaquero, Ignacio"]
[Black "Perez Alvarez, Javier"]
[Result "0-1"]
[WhiteElo "1666"]
[BlackElo "1727"]
[PlyCount "96"]
[EventDate "2008.06.14"]

1. d4 d5 2. c4 e6 3. Nc3 Nf6 4. cxd5 exd5 5. Bg5 Nbd7 6. Nxd5 Nxd5 7. Bxd8 Bb4+
8. Qd2 Bxd2+ 9. Kxd2 Kxd8 10. e4 N5f6 11. f3 c6 12. Bc4 Rf8 13. Ne2 Nb6 14. Bb3
Be6 15. Bxe6 fxe6 16. b3 Ke7 17. Ke3 Rfe8 18. Rhd1 Rad8 19. Rd2 Nfd7 20. Rc1
Rc8 21. Rdc2 e5 22. dxe5 Nxe5 23. Nd4 g6 24. Rd2 Red8 25. Rcd1 c5 26. Nb5 Rxd2
27. Rxd2 a6 28. Nc3 Rd8 29. Rxd8 Kxd8 30. Nd5 Nxd5+ 31. exd5 Ke7 32. Ke4 Kd6
33. h3 b5 34. f4 Nd7 35. f5 Nf6+ 36. Kf4 Nxd5+ 37. Kg5 gxf5 38. h4 Ke5 39. g4
fxg4 40. Kxg4 c4 41. Kf3 cxb3 42. axb3 h5 43. Ke2 a5 44. Kd2 a4 45. bxa4 bxa4
46. Kc2 Kf4 47. Kd3 Kg3 48. Kc4 Kxh4 0-1

[Event "II Abierto Veraniego San Sebas"]
[Site "San Sebastián de los Reyes (M"]
[Date "2008.06.16"]
[Round "3.1"]
[White "Adan Bermudez, Sergio"]
[Black "Camarero Izquierdo, Juan Carlos"]
[Result "1-0"]
[WhiteElo "2137"]
[BlackElo "1959"]
[PlyCount "83"]
[EventDate "2008.06.14"]

1. c4 e5 2. g3 Nf6 3. Bg2 Bc5 4. Nc3 O-O 5. e3 Nc6 6. Nge2 d6 7. O-O Bg4 8. h3
Bh5 9. g4 Bg6 10. d4 exd4 11. exd4 Bb4 12. f4 Bxc3 13. Nxc3 h6 14. f5 Bh7 15.
h4 Nd7 16. g5 Nb6 17. Qg4 h5 18. Qg3 g6 19. Bxc6 bxc6 20. f6 Nxc4 21. b3 Nb6
22. Re1 Re8 23. Rxe8+ Qxe8 24. Bf4 Qd7 25. Re1 Re8 26. Rxe8+ Qxe8 27. Qe3 Qe6
28. Kf2 Kf8 29. a4 a5 30. d5 Nxd5 31. Nxd5 cxd5 32. Qa7 Qc8 33. Qxa5 d4 34. Qb5
Kg8 35. a5 Kh8 36. a6 Qg4 37. Bg3 c5 38. Qe8+ Bg8 39. a7 Qf5+ 40. Kg2 Qd5+ 41.
Kh2 Qa8 42. Qxa8 1-0

[Event "II Abierto Veraniego San Sebas"]
[Site "San Sebastián de los Reyes (M"]
[Date "2008.06.16"]
[Round "3.3"]
[White "Galan Aguado, Fernando"]
[Black "Cruz Condori, Alfredo"]
[Result "1/2-1/2"]
[WhiteElo "1888"]
[BlackElo "2160"]
[PlyCount "89"]
[EventDate "2008.06.14"]

1. d4 d5 2. Nf3 Nf6 3. e3 e6 4. Bd3 c5 5. b3 Qb6 6. Nbd2 cxd4 7. exd4 Nc6 8.
Bb2 Be7 9. O-O O-O 10. c4 dxc4 11. Nxc4 Qd8 12. Rc1 Nb4 13. Bb1 Bd7 14. Nfe5
Bb5 15. Qf3 Nbd5 16. Rfe1 Rc8 17. a4 Ba6 18. Ne3 Rxc1 19. Rxc1 Bb4 20. N3g4 Bd2
21. Rc2 Qa5 22. Nxf6+ Nxf6 23. Qd1 Bb4 24. Qc1 Qd5 25. Qe3 Qd8 26. g3 Nd5 27.
Qf3 Qf6 28. Qg2 Qe7 29. Qf3 Qf6 30. Qg2 Qd8 31. Qf3 Qe7 32. Qg2 f6 33. Nc4 Rc8
34. Qe4 f5 35. Qf3 g5 36. h3 Qf6 37. Ne3 Rd8 38. Nxd5 Rxd5 39. g4 Qf8 40. Rc7
Bd6 41. Rc1 Bf4 42. Re1 Qd6 43. gxf5 exf5 44. Qh5 Qg6 45. Qf3 1/2-1/2

[Event "II Abierto Veraniego San Sebas"]
[Site "San Sebastián de los Reyes (M"]
[Date "2008.06.16"]
[Round "3.5"]
[White "Suarez Uriel, Adrian"]
[Black "Corisco Beltran, Rafael"]
[Result "1-0"]
[WhiteElo "1981"]
[BlackElo "1791"]
[PlyCount "55"]
[EventDate "2008.06.14"]

1. e4 c5 2. Nf3 Nc6 3. d4 cxd4 4. Nxd4 g6 5. Nc3 Bg7 6. Nb3 Nf6 7. Be2 O-O 8.
O-O d6 9. Bg5 Be6 10. Kh1 Na5 11. f4 Nc4 12. f5 Nxb2 13. Qc1 Bc4 14. Qxb2 Bxe2
15. Nxe2 Nxe4 16. f6 Nxf6 17. Be3 Ng4 18. Bd4 e5 19. Bg1 f5 20. Rad1 f4 21. Nc5
Qh4 22. Qb3+ Kh8 23. Ne6 Rf5 24. Nxg7 Kxg7 25. Qxb7+ Kh6 26. Qxa8 Nxh2 27. Bxh2
Qg4 28. Qf3 1-0

[Event "II Abierto Veraniego San Sebas"]
[Site "San Sebastián de los Reyes (M"]
[Date "2008.06.16"]
[Round "3.6"]
[White "Perez Alvarez, Javier"]
[Black "Montero Garcia, Francisco Javie"]
[Result "0-1"]
[WhiteElo "1727"]
[BlackElo "1902"]
[PlyCount "36"]
[EventDate "2008.06.14"]

1. e4 c5 2. Nf3 Nc6 3. d4 cxd4 4. Nxd4 Nf6 5. Nc3 e6 6. Ndb5 Bb4 7. Nd6+ Ke7 8.
Nxc8+ Rxc8 9. Bd2 d5 10. exd5 Nxd5 11. Nxd5+ Qxd5 12. Bxb4+ Nxb4 13. c3 Qe4+
14. Be2 Rhd8 15. Qb3 Nc2+ 16. Kf1 Nxa1 17. Qa3+ Kf6 18. Bf3 Qd3+ 0-1

[Event "II Abierto Veraniego San Sebas"]
[Site "San Sebastián de los Reyes (M"]
[Date "2008.06.16"]
[Round "3.7"]
[White "Madurga Lopez, Ignacio"]
[Black "Diaz Begonte, Manuel"]
[Result "1-0"]
[WhiteElo "1644"]
[BlackElo "1875"]
[PlyCount "53"]
[EventDate "2008.06.14"]

1. e4 c6 2. Nc3 d5 3. Qf3 dxe4 4. Nxe4 Nd7 5. d4 Ndf6 6. Nxf6+ Nxf6 7. c3 Qd5
8. h3 Bf5 9. Qxd5 Nxd5 10. Ne2 e6 11. Nf4 Bd6 12. Nxd5 exd5 13. Be3 O-O 14. Be2
Rfe8 15. Kd2 b5 16. Bd3 Bxd3 17. Kxd3 Re6 18. Rhe1 Rae8 19. Bd2 c5 20. dxc5
Bxc5 21. Rxe6 fxe6 22. Be3 Rc8 23. Bxc5 Rxc5 24. a4 bxa4 25. Rxa4 a5 26. Kd4
Kf7 27. Kxc5 1-0

[Event "II Abierto Veraniego San Sebas"]
[Site "San Sebastián de los Reyes (M"]
[Date "2008.06.16"]
[Round "3.8"]
[White "Fernandez Gil, Ruben C"]
[Black "Martin-Consuegra Barrilero, Javie"]
[Result "0-1"]
[WhiteElo "1559"]
[BlackElo "1867"]
[PlyCount "140"]
[EventDate "2008.06.14"]

1. e4 d5 2. exd5 Qxd5 3. Nc3 Qa5 4. d4 c6 5. Nf3 Bf5 6. Be2 Nf6 7. O-O e6 8.
Bf4 Be7 9. Qd2 Nbd7 10. Ne4 Qxd2 11. Nexd2 Nb6 12. c4 O-O 13. Rac1 Rac8 14. a3
Nbd7 15. Ne5 Nxe5 16. Bxe5 Rfd8 17. Nf3 Bg4 18. Rfe1 Ne4 19. Bd3 Nc5 20. Bxh7+
Kxh7 21. dxc5 Bxf3 22. gxf3 Bxc5 23. Re4 Rd2 24. Rf1 Be7 25. Bc3 Rd3 26. Re3
Rcd8 27. Rfe1 Kg6 28. Rxd3 Rxd3 29. Re3 Rd1+ 30. Re1 Rxe1+ 31. Bxe1 Bf6 32. b3
Bd4 33. Kg2 Kf5 34. Bd2 e5 35. Kf1 g5 36. h3 f6 37. a4 Kg6 38. Kg2 f5 39. Kg3
Kh5 40. Be1 f4+ 41. Kg2 Kh4 42. Kh2 Kh5 43. Kg2 Kh6 44. Bb4 c5 45. Bd2 Kh5 46.
b4 Kg6 47. bxc5 Bxc5 48. Bc3 Kf5 49. Kf1 e4 50. fxe4+ Kxe4 51. Ke2 f3+ 52. Ke1
Kd3 53. Bf6 Bb4+ 54. Kd1 Bd2 55. c5 a6 56. Be7 Bf4 57. Bf8 Ke4 58. Kc2 Be5 59.
Bd6 Bd4 60. Kd1 Bxf2 61. Be7 Be3 62. Ke1 Kf5 63. Bd6 g4 64. hxg4+ Kxg4 65. Kf1
Kf5 66. Bf8 Ke4 67. Be7 Kd5 68. Ke1 Bxc5 69. Bxc5 Kxc5 70. Kf2 Kb4 0-1

[Event "II Abierto Veraniego San Sebas"]
[Site "San Sebastián de los Reyes (M"]
[Date "2008.06.16"]
[Round "3.13"]
[White "Rodenas Riesco, Alfonso"]
[Black "Pardo Vaquero, Ignacio"]
[Result "0-1"]
[WhiteElo "1688"]
[BlackElo "1666"]
[PlyCount "78"]
[EventDate "2008.06.14"]

1. d4 Nf6 2. Nf3 g6 3. Bg5 Bg7 4. g3 O-O 5. Bxf6 Bxf6 6. Bg2 c5 7. c3 Qb6 8.
Qd2 d6 9. O-O Rd8 10. Na3 Nd7 11. Nc4 Qa6 12. Ne3 Nb6 13. Ng4 Bxg4 14. Qf4 Be6
15. e4 Bc4 16. Rfe1 Bg7 17. e5 Nd5 18. Qh4 h6 19. exd6 exd6 20. Nd2 Nf6 21. Ne4
Nxe4 22. Bxe4 d5 23. Bg2 cxd4 24. cxd4 Qb6 25. b3 Bb5 26. a4 Bc6 27. Rab1 Qxd4
28. Qh3 Bd7 29. g4 Qxg4 30. Qd3 Bf5 31. h3 Qxg2+ 32. Kxg2 Bxd3 33. Rbc1 Ba6 34.
Rc7 Bf6 35. Re3 Rac8 36. Rxc8 Rxc8 37. Kf3 Rc3 38. Rxc3 Bxc3 39. Ke3 d4+ 0-1

[Event "II Abierto Veraniego San Sebas"]
[Site "San Sebastián de los Reyes (M"]
[Date "2008.06.17"]
[Round "4.1"]
[White "Vazquez Torres, Adrian"]
[Black "Adan Bermudez, Sergio"]
[Result "0-1"]
[WhiteElo "1983"]
[BlackElo "2137"]
[PlyCount "88"]
[EventDate "2008.06.14"]

1. e4 c5 2. Nf3 b6 3. Bc4 Bb7 4. d3 e6 5. O-O Nc6 6. Nc3 Na5 7. Ne5 a6 8. f4 d6
9. Nf3 Nxc4 10. dxc4 Nf6 11. e5 dxe5 12. Qxd8+ Rxd8 13. fxe5 Ne4 14. Nxe4 Bxe4
15. Bg5 Be7 16. Bxe7 Kxe7 17. Rac1 Bxf3 18. Rxf3 f6 19. Rg3 Kf7 20. Rb3 Rb8 21.
Rd1 Rb7 22. Rd6 Rhb8 23. Rh3 b5 24. exf6 Kxf6 25. Rxa6 bxc4 26. Rf3+ Ke7 27.
Re3 Rxb2 28. Raxe6+ Kf7 29. Re7+ Kf8 30. Re2 Rxc2 31. Rxc2 Kxe7 32. Rxc4 Kd6
33. Rc2 Kd5 34. Kf2 Kd4 35. Ke2 c4 36. Kd2 Rf8 37. Ke2 c3 38. a4 Kc4 39. Rc1
Re8+ 40. Kd1 Kd3 41. a5 Rf8 42. Ke1 c2 43. Ra1 Re8+ 44. Kf2 Kd2 0-1

[Event "II Abierto Veraniego San Sebas"]
[Site "San Sebastián de los Reyes (M"]
[Date "2008.06.17"]
[Round "4.2"]
[White "Ortega Morales, Pedro"]
[Black "Castejon Caballero, Andres"]
[Result "0-1"]
[WhiteElo "1929"]
[BlackElo "2029"]
[PlyCount "68"]
[EventDate "2008.06.14"]

1. d4 Nf6 2. Bf4 g6 3. e3 Bg7 4. Nf3 O-O 5. Be2 d5 6. h3 c5 7. c3 Nc6 8. O-O
cxd4 9. exd4 Nd7 10. Bb5 a6 11. Ba4 b5 12. Bb3 Nb6 13. Nbd2 Nc4 14. Nxc4 dxc4
15. Bc2 Be6 16. Be4 Bd5 17. Bxd5 Qxd5 18. Qd2 Rad8 19. Qc2 Rfe8 20. Rad1 a5 21.
Ne5 Bxe5 22. dxe5 Qc5 23. Rxd8 Rxd8 24. Rd1 Rd5 25. Be3 Rxd1+ 26. Qxd1 Qxe5 27.
Qd7 Qd6 28. Qg4 h5 29. Qf3 Kg7 30. h4 Ne5 31. Bd4 Qxd4 32. cxd4 Nxf3+ 33. gxf3
b4 34. Kf1 g5 0-1

[Event "II Abierto Veraniego San Sebas"]
[Site "San Sebastián de los Reyes (M"]
[Date "2008.06.17"]
[Round "4.3"]
[White "Cruz Condori, Alfredo"]
[Black "Madurga Lopez, Ignacio"]
[Result "1-0"]
[WhiteElo "2160"]
[BlackElo "1644"]
[PlyCount "157"]
[EventDate "2008.06.14"]

1. Nf3 Nf6 2. d4 c5 3. e3 cxd4 4. exd4 d5 5. Bf4 Nc6 6. c3 Bg4 7. Nbd2 e6 8.
Qb3 Qd7 9. Ne5 Qc8 10. Bb5 a6 11. Bxc6+ bxc6 12. Qa4 Be7 13. Qxc6+ Qxc6 14.
Nxc6 Rc8 15. Nxe7 Kxe7 16. h3 Bh5 17. O-O Rhg8 18. Bg5 Rb8 19. b4 Rgc8 20. Rfc1
Rc6 21. Nb3 h6 22. Bxf6+ Kxf6 23. Nc5 Ke7 24. a4 g5 25. Re1 Bg6 26. Re3 Rcb6
27. a5 Rc6 28. Rae1 Rbc8 29. Kf1 Bh5 30. f3 Bg6 31. Kf2 Bf5 32. Re5 Kf6 33. Ke3
Bh7 34. Kd2 Rg8 35. g4 Bg6 36. h4 Bh7 37. Rh1 Bg6 {(=)} 38. h5 Bh7 39. Rhe1 Rg7
40. Nd7+ Ke7 41. Rxd5 Kd8 42. Nb8+ exd5 43. Nxc6+ Kc7 44. Ne7 Kd6 45. Nc8+ Kc6
46. Re7 Bg8 47. Nb6 Rh7 48. Re8 Rg7 49. Rc8+ Kb7 50. Rc5 f5 51. Nxd5 fxg4 52.
fxg4 Be6 53. Ne3 Rf7 54. Nf5 Bxf5 55. Rxf5 Re7 56. Kd3 Re1 57. Rf7+ Kb8 58. Rf6
Rg1 59. Rxh6 Rxg4 60. Rg6 Rg3+ 61. Kc4 Kb7 62. h6 Rh3 63. Rg7+ Kc6 64. Rg6+ Kb7
65. Rxg5 Rxh6 66. d5 Rh4+ 67. Kc5 Rf4 68. Rg7+ Kc8 69. c4 Rh4 70. Ra7 Rh6 71.
d6 Rh5+ 72. Kc6 Kb8 73. Rxa6 Rh4 74. Rb6+ Ka7 75. c5 Rh8 76. d7 Rc8+ 77. Kb5
Rd8 78. c6 Rb8 79. Rb7+ 1-0

[Event "II Abierto Veraniego San Sebas"]
[Site "San Sebastián de los Reyes (M"]
[Date "2008.06.17"]
[Round "4.4"]
[White "Montero Garcia, Francisco Javie"]
[Black "Suarez Uriel, Adrian"]
[Result "0-1"]
[WhiteElo "1902"]
[BlackElo "1981"]
[PlyCount "96"]
[EventDate "2008.06.14"]

1. d4 d5 2. Nf3 c6 3. c4 e6 4. g3 Nf6 5. Bg2 dxc4 6. O-O Be7 7. Qc2 O-O 8. Rd1
Na6 9. a3 Qb6 10. Nbd2 c3 11. Qxc3 c5 12. Nc4 Qc7 13. dxc5 Bxc5 14. Qc2 Bd7 15.
Bf4 Qc8 16. Rac1 Bc6 17. b4 Be7 18. Nce5 Bd5 19. Qb1 Qe8 20. Ng5 Bxg2 21. Kxg2
g6 22. Ne4 Qb5 23. Nxf6+ Bxf6 24. Qe4 Rad8 25. Ng4 Bb2 26. Nh6+ Kg7 27. Rxd8
Rxd8 28. Rc2 Bxa3 29. Be5+ Kf8 30. Qf3 f5 31. Qxa3 Qxe5 32. b5+ Ke8 33. Qc3
Qxc3 34. Rxc3 Nb4 35. Rc7 Rd7 36. Rc8+ Ke7 37. Rh8 Kd6 38. g4 Kc5 39. h4 Kxb5
40. h5 a5 41. hxg6 hxg6 42. Rg8 a4 43. gxf5 gxf5 44. Kf3 Rd1 45. e4 a3 46. exf5
exf5 47. Nxf5 a2 48. Ra8 Na6 0-1